000 00359nam a2200145Ia 4500
008 150201s2013 xx 000 0 und d
082 _a615
_bP13S
100 _aSATOSKAR, R.S.
245 _aPHARMACOLOGY & PHARMACOTHERAPEUTICS
250 _a23RD
260 _bPOPULAR PRAKASHAN
_aINDIA
_c2013
300 _a1-1148
650 _aPHARMACOLOGY
942 _2ddc
_cBK
999 _c1655
_d1655